Statistics for Spain A-Z

Click here to take the quiz!

General Stats

  • This quiz has been taken 16,179 times
    (16,155 since last reset)
  • The average score is 17 of 26

Answer Stats

Clue Answer % Correct
MCapital cityMadrid
97%
ASmallest bordering countryAndorra
96%
BLargest coastal cityBarcelona
96%
ESpanish for SpainEspaña
91%
PCubist painterPicasso
90%
IPeninsula on which Spain is locatedIberian
89%
GU.K. territory adjoining SpainGibraltar
88%
VThird biggest city; known for orangesValencia
85%
KFelipe or Juan Carlos, e.g.King
85%
FFormer dictatorFranco
80%
OEight in SpanishOcho
78%
SCapital of Andalusia;
Where Figaro was married
Seville
77%
QThe man of La Mancha: Don _____Quixote
76%
NAthlete known as RafaNadal
76%
YUnemployment for this group is 46%Youth
62%
TMost populous of the Canary IslandsTenerife
59%
ZCalled "Saragossa" in EnglishZaragoza
58%
USpanish for "you", formallyUsted
57%
XJesuit leader, St. Francis ______Xavier
54%
W___ of Spanish SuccessionWar
48%
LKingdom that merged with
Castile in 1301
León
41%
RFamous wine regionRioja
35%
CExclave in AfricaCeuta
34%
HRoman name for Iberian peninsulaHispania
29%
J_____ de la FronteraJerez
26%
DRiver that flows into PortugalDouro
26%

Score Distribution

Percentile by Number Answered

Percent of People with Each Score

Your Score History

You have not taken this quiz since the last reset